| 000 | 00375nam a2200133Ia 4500 | ||
|---|---|---|---|
| 008 | 240624s9999 xx 000 0 und d | ||
| 041 | _aeng | ||
| 082 | _a659 HOL | ||
| 100 | _aHOLTZ SHEL | ||
| 245 | _aCORPORATE CONVERSATIONS A GUIDE TO CRAFTING EFFECTIVE AND | ||
| 260 |
_c2008 _aNew Delhi _bPrentice-Hall of India |
||
| 300 | _axii, : 292 : p. : cm. ; 24 | ||
| 365 |
_cRS _b36 |
||
| 999 |
_c10005 _d10005 |
||